Contes comtadins (Record no. 156721)

MARC details
000 -LEADER
campo de control de longitud fija 00600nam a22001575i 4500
001 - NÚMERO DE CONTROL
campo de control 156721
003 - IDENTIFICADOR DE NÚMERO DE CONTROL
campo de control ES-MaACL
005 - FECHA Y HORA DE LA ÚLTIMA TRANSACCIÓN
campo de control 20230906210500.0
008 - DATOS DE LONGITUD FIJA--INFORMACIÓN GENERAL
campo de control de longitud fija 040721s1874 fr |||| | fre d
040 ## - FUENTE DE CATALOGACIÓN
Centro catalogador/agencia de origen CAM
Lengua de catalogación spa
Centro/agencia transcriptor CAM
100 1# - ENTRADA PRINCIPAL--NOMBRE DE PERSONA
Nombre de persona La Madelene, Henry de.
9 (RLIN) 128518
245 10 - MENCIÓN DEL TÍTULO
Título Contes comtadins
Resto del título : Les fonds perdus, Germain Barbe-Bleue, Jean des Baumes /
Mención de responsabilidad, etc. Henry de la Madelene.
260 ## - PUBLICACIÓN, DISTRIBUCIÓN, ETC.
Lugar de publicación, distribución, etc. Paris :
Nombre del editor, distribuidor, etc. Charpentier et c\pie\s libraires-éditeurs,
Fecha de publicación, distribución, etc. 1874 (
Fabricante Imp. Simon Raçon et comp.)
300 ## - DESCRIPCIÓN FÍSICA
Extensión 296 p. ;
Dimensiones 19 cm.
852 ## - LOCALIZACIÓN
Ubicación ES-MaACL
Número de control de estantería D-2639(2)
Nota libre -- Enc. hol.
-- -- Legado de M. de la Fuente
Holdings
Estatus retirado Estado de pérdida Estado de daño No para préstamo Colección Biblioteca de origen Biblioteca actual Ubicación en estantería Fecha de adquisición Fuente de adquisición Total de préstamos Signatura topográfica completa Código de barras Visto por última vez Precio de reemplazo Tipo de ítem Koha
        Libros del s. XIX Biblioteca del Ateneo de Madrid Biblioteca del Ateneo de Madrid Sala Valle Inclán 17/01/2008     D-2639(2) 901163967 23/02/2023 23/02/2023 Libro impreso antiguo